01127nas a2200277Ia 4500001001600000003001000016008004100026040002500067041001300092100002100105210001600126222001600142245011000158250001100268260000900279501012300288300001500411362001600426500015000442650002200592700001100614942000700625957000600632999003300638952017800671A07/R079-42538 IT-MiCISF161014c99999999xx |||||||||||| ||und|| aIT-MiCISFcIT-MiCISF aITALIANO aDonati Pierpaolo aAnthropotes aAnthropotes 0aL'identità maschile e femminile: distinzioni e relazioni per una società a misura della persona umana a1a ed. c2005 bCISF - Centro Internazionale Studi Famiglia - Via Giotto, 36 20145 MILANO (non commercial uses only)cCopyright 2016 app. 71-103 an. 1 [2005] a Tema: persona, sociologia, identità-maschile, identità-femminile, identità-sessuale, rapporti-uomo-donna, ruoli-familiari, socializzazione apersonavarticolo aAA.VV. cCR 71 a42538bSig1c224348d224348 0010406A_07_000000000000000_R0794253871aCISFbCISFd2016-10-14l0oA07/R079-42538 r2016-10-14 00:00:00w2016-10-14yCRzData import 15.10.2016 / by Epidotti, Vaglietti